Commentary on the information technology act : (Record no. 98359)

MARC details
000 -LEADER
fixed length control field 00830nam a22002057a 4500
005 - DATE AND TIME OF LATEST TRANSACTION
control field 20160127103058.0
010 ## - LCCN (DPL NO)
LC control number ENG-114491
020 ## - INTERNATIONAL STANDARD BOOK NUMBER
International Standard Book Number 9789350355954
Terms of availability 895.00
035 ## - SYSTEM CONTROL NUMBER
System control number EN-98023
037 ## - SOURCE OF ACQUISITION
Source of stock number/acquisition DBAD/PUB
082 ## - DEWEY DECIMAL CLASSIFICATION NUMBER
Classification number 353.5409944
100 ## - MAIN ENTRY--PERSONAL NAME
Personal name Bhansali, S.R.
245 ## - TITLE STATEMENT
Title Commentary on the information technology act :
Statement of responsibility, etc by S.R. Bhansali
Remainder of title an exhaustive section-wise commentary on The Information Technology Act, 2000 along with rules, regulations, orders guidelines, notifications, model law on e-commerce, state laws and proformas /
250 ## - EDITION STATEMENT
Edition statement 3rd ed
260 ## - PUBLICATION, DISTRIBUTION, ETC. (IMPRINT)
Place of publication, distribution, etc Gurgaon
Name of publisher, distributor, etc LexisNexis
Date of publication, distribution, etc 2015
270 ## - ADDRESS
Address 14th Floor, Building No.10, Tower-B, DLF Cyber City, Phase-II
City Gurgaon
Postal code 122002
300 ## - PHYSICAL DESCRIPTION
Extent xlii,669p.
Dimensions 25cm(Hb)
500 ## - GENERAL NOTE
General note Includes index
942 ## - ADDED ENTRY ELEMENTS (KOHA)
Source of classification or shelving scheme Dewey Decimal Classification
Item type English Books
Call number suffix BHA
Classification part 343.5409944
Holdings
Withdrawn status Lost status Not for loan Collection code Home library Current library Date acquired Source of acquisition Cost, normal purchase price Full call number Barcode Copy number Cost, replacement price Koha item type
    Not For Loan Non-fiction D.B.Act.Division D.B.Act.Division 01/12/2015 DBAD/PUB 895.00 343.5409944 BHA EN-98023 1 895.00 English Books

© Delhi Public Library
Hit Counter
free hit counter